| 000 | 00815cam a2200301 i 4500 | ||
|---|---|---|---|
| 001 | 0000446 | ||
| 003 | DO-SdBNP | ||
| 005 | 20180312132957.0 | ||
| 007 | 0000446 | ||
| 008 | 100514s2000 sp | |||| 000 f spa | ||
| 015 | _a | ||
| 017 |
_a _b |
||
| 020 | _a8483106752 | ||
| 035 | _a | ||
| 040 |
_aBPMSU _bspa _cBPMSU _e |
||
| 080 | _a | ||
| 100 | 1 |
_aPanero, Juan Luis _e1942- |
|
| 245 | 1 | 0 |
_aSin rumbo cierto : _bmemorias conversadas con Fernando Valls / _cJuan Luis Panero. |
| 260 |
_aBarcelona : _bTusquets editores, _c2000. |
||
| 300 |
_a229 p.: _c23 cm |
||
| 490 | 1 |
_aTiempos de memoria _v1 |
|
| 500 | _aIncluye índice onomástico | ||
| 586 | _aXII premio Comillas | ||
| 830 | 0 |
_aTiempo de memoria _v1 |
|
| 942 |
_2ddc _cBK |
||
| 945 | _ainventariado, 2018 / dg | ||
| 956 |
_aYLOCKWARD _810 _cBPMSU |
||
| 999 |
_c10577 _d10577 |
||